[Event "GER-chT Online Liga 1 GpC"]
[Site "Playchess.com INT"]
[Date "2021.01.21"]
[Round "1.2"]
[White "Marcziter, Dmitrii"]
[Black "Matthey, Harald"]
[Result "1/2-1/2"]
[WhiteElo "2243"]
[BlackElo "2104"]
[PlyCount "67"]
[EventDate "2021.01.21"]
[EventType "team-tourn (rapid)"]
[EventRounds "7"]
[EventCountry "GER"]
[SourceTitle "CBM 200 Extra"]
[Source "ChessBase"]
[SourceDate "2021.03.31"]
[SourceVersion "1"]
[SourceVersionDate "2021.03.31"]
[SourceQuality "1"]
[WhiteTeam "Porz SG"]
[BlackTeam "Dessau"]
[WhiteTeamCountry "GER"]
[BlackTeamCountry "GER"]

1. d4 d5 2. Nf3 Nf6 3. c4 c6 4. Nc3 g6 5. cxd5 cxd5 6. g3 Nc6 7. Bg2 Bg7 8. Ne5 0-0 9. Nxc6 bxc6 10. 0-0 Nd7 11. f4 e6 12. Be3 Rb8 13. Na4 Qa5 14. a3 Qb5 15. b4 a5 16. Rb1 Ba6 17. Bf3 axb4 18. axb4 Qc4 19. Qd2 Qb5 20. Nc3 Qb7 21. Na4 Bc4 22. Rfc1 Rfd8 23. Qc2 Ra8 24. Bf2 Qa7 25. Nc5 Rdb8 26. e3 h5 27. h3 Nxc5 28. bxc5 Qa6 29. Qc3 Rxb1 30. Rxb1 Bf6 31. Kg2 Bd8 32. g4 hxg4 33. hxg4 Qa2 34. Qb2 1/2-1/2